000 00877nam a2200241 a 4500
001 BRL_167
005 20190320210621.0
008 830725s1982 mx-a#####b---f000-0#spa-#
040 _aDLC
_cDLC
_dDLC
050 4 _aF1466.5
_b.G83 1982
245 1 0 _aGuatemala
_blas líneas de su mano.
260 _aMéxico
_bCentro de Estudios Económicos y Sociales del Tercer Mundo : UNAM
_c1982
300 _a171 p.
_bil. (algunas a color)
_c23 cm.
500 _aEstado físico: tres hojas sueltas que contienen catálogo de obra
500 _aAu204
650 1 4 _aGuerrillas
_zGuatemala
_923094
650 1 4 _aIndígenas de América Central
_zGuatemala
_923095
651 4 _aGuatemala
_xPolítica y gobierno
_y1945-1985
_923096
700 1 _aRodríguez Prampolini, Ida
_94944
710 2 _aCentro de Estudios Económicos y Sociales del Tercer Mundo
_923097
902 _aGRL
942 _2lcc
_cB
999 _c8980
_d8980